Normal view MARC view
  • Pakistan- Handbook

Entry Topical Term

Number of records used in: 3

001 - CONTROL NUMBER

  • control field: 7112

003 - CONTROL NUMBER IDENTIFIER

  • control field: NUST

005 - DATE AND TIME OF LATEST TRANSACTION

  • control field: 20171211105744.0

008 - FIXED-LENGTH DATA ELEMENTS

  • fixed length control field: 171211|| aca||aabn | a|a d

040 ## - CATALOGING SOURCE

  • Original cataloging agency: NUST
  • Transcribing agency: NUST

150 ## - HEADING--TOPICAL TERM

  • Topical term or geographic name entry element: Pakistan- Handbook

670 ## - SOURCE DATA FOUND

  • Source citation: Work cat.: (NUST)0: Isobel Shaw 7111, Pakistan HandBook, 1998
© 2023 Central Library, National University of Sciences and Technology. All Rights Reserved.